000 00608nam a2200229Ia 4500
003 OSt
005 20221007075152.0
006 a|||||r|||| 00| 0
007 ta
008 221006b |||||||| |||| 00| 0 eng d
024 _a16,137
037 _cTextual
040 _aFLL
_cFLL
_beng
041 _2eng
_aeng
082 _aX7291:Z2, M8
100 _aSury M.M. Au.
_9589351
245 0 _aExcise taxation in india
260 _aNew Delhi
_bCommonwealth publishers India
_c1998
300 _a215p
_ccm.
942 _hX7291:Z2, M8
_cTEXL
_2CC
999 _c1155061
_d1155061